00619cam a2200181 a 4500008004100000020002300041100002000064245004200084260002900126300003400155500011900189504005400308500001900362650002900381003000100410005001700411040000900428  a0750698772 (pbk. )1 aGraf, Rudolf F.10aAmplifier circuits /cRudolf F. Graf. aBoston :bNewnes,c1997. avii, 194 p. :bill. ;c24 cm. aOriginally published: The modern amplifier circuit encyclopedia. 1st ed. Blue Ridge Summit, PA : Tab Books, c1992. aIncludes bibliographical references (p. 182-188)  aIncludes index 0aAmplifiers (Electronics)20230123134507.0 cNUST